facades: architectural details / (Record no. 353612)

000 -LEADER
fixed length control field 01032nam a2200253 a 4500
001 - CONTROL NUMBER
control field ASIN393878038X
003 - CONTROL NUMBER IDENTIFIER
control field OSt
005 - DATE AND TIME OF LATEST TRANSACTION
control field 20180116192413.0
008 - FIXED-LENGTH DATA ELEMENTS--GENERAL INFORMATION
fixed length control field 130128s2007 xxu eng d
020 ## - INTERNATIONAL STANDARD BOOK NUMBER
International Standard Book Number 393878038X (hardcover)
Terms of availability $37.50
020 ## - INTERNATIONAL STANDARD BOOK NUMBER
International Standard Book Number 9783938780381 (hardcover)
040 ## - CATALOGING SOURCE
Transcribing agency 0
082 ## - DEWEY DECIMAL CLASSIFICATION NUMBER
Classification number 729.1
100 1# - MAIN ENTRY--PERSONAL NAME
Personal name Braun, Verlagshaus.
9 (RLIN) 6197
245 10 - TITLE STATEMENT
Title facades: architectural details /
Statement of responsibility, etc. Verlagshaus Braun.
260 ## - PUBLICATION, DISTRIBUTION, ETC.
Place of publication, distribution, etc. [S.l.] :
Name of publisher, distributor, etc. Verlagshaus Braun,
Date of publication, distribution, etc. 2008.
300 ## - PHYSICAL DESCRIPTION
Extent 160 p. ;
Dimensions 25 cm.
520 ## - SUMMARY, ETC.
Summary, etc. Faades need to fulfill functional as well as aesthetical values: they have to provide an all-season protection against meteorological conditions, fit in its surrounding space but simultaneously present an own individuality and finally communicate the pure.
650 ## - SUBJECT ADDED ENTRY--TOPICAL TERM
Topical term or geographic name entry element Architecture
General subdivision Details
9 (RLIN) 6198
650 ## - SUBJECT ADDED ENTRY--TOPICAL TERM
Topical term or geographic name entry element Decoration and ornament, Architectural
9 (RLIN) 6199
650 ## - SUBJECT ADDED ENTRY--TOPICAL TERM
Topical term or geographic name entry element Facades
9 (RLIN) 6200
856 40 - ELECTRONIC LOCATION AND ACCESS
Materials specified Amazon.com
Uniform Resource Identifier <a href="http://www.amazon.com/exec/obidos/ASIN/393878038X/chopaconline-20">http://www.amazon.com/exec/obidos/ASIN/393878038X/chopaconline-20</a>
942 ## - ADDED ENTRY ELEMENTS (KOHA)
Source of classification or shelving scheme
Koha item type Book
Holdings
Withdrawn status Lost status Source of classification or shelving scheme Damaged status Not for loan Permanent Location Current Location Date acquired Source of acquisition Cost, normal purchase price Total Checkouts Total Renewals Full call number Barcode Date last seen Date last checked out Copy number Cost, replacement price Price effective from Koha item type
          School of Art Design and Architecture (SADA) School of Art Design and Architecture (SADA) 08/24/2012 Pak Book, Purchase PC-1 1359.00 5 1 729.1 BRA 2008 SADA0001790 01/12/2024 01/11/2024 1 1359.00 01/28/2013 Book
© 2023 Central Library, National University of Sciences and Technology. All Rights Reserved.